| 000 | 00582 a2200217 4500 | ||
|---|---|---|---|
| 005 | 20260121104209.0 | ||
| 008 | 260120b |||||||| |||| 00| 0 eng d | ||
| 020 |
_a9789366262560 _cRs. 550.00 |
||
| 040 | _aMAIN | ||
| 082 |
_a576 _bM312F |
||
| 100 | _aManasa, S G | ||
| 245 | _aFundamentals of agricultural microbiology | ||
| 260 |
_bInternational Books and Periodical Supply Service _c2025 _aDelhi |
||
| 300 | _aix, 208 | ||
| 650 | _aMicrobiology | ||
| 650 | _aAgricaltural | ||
| 650 | _aMicroscopy | ||
| 700 | _aAvinash, S H | ||
| 700 | _aPatil, S V | ||
| 942 | _cBK | ||
| 999 |
_c395718 _d395718 |
||